000 00841nam a2200289 i 4500
001 5344
003 BD-RjUL
005 20211208234042.0
008 131224s1974 enk b 000 0 eng
020 _a0710080263
_a0710080271 (pbk)
035 _a(BD-RjUL)5380
040 _aDLC
_cDLC
_dDLC
_dBD-RjUL
_beng
041 _aeng
082 0 0 _a361.941
_bBAC 1974
100 1 _aBaldock, Peter.
_916793
245 1 0 _aCommunity work and social work /
_cPeter Baldock.
260 _aLondon ;
_aBoston :
_bRoutledge & K. Paul,
_c1974.
300 _aix, 130 p. ;
_c22 cm.
490 0 _aLibrary of social work
504 _aBibliography: p. 125-130.
650 0 _aSocial service.
_916794
650 0 _aCommunity organization.
_97131
650 0 _aSocial case work.
_915737
942 _2ddc
_cBK
999 _c5344
_d5344